| 000 | 00523nam a2200205Ia 4500 | ||
|---|---|---|---|
| 003 | OSt | ||
| 005 | 20230425112635.0 | ||
| 008 | 210423s2011 xx 000 0 und d | ||
| 020 | _a9788131754481 | ||
| 040 | _cAL | ||
| 041 | _aeng | ||
| 082 |
_a658.57 _223 _bBAJN |
||
| 100 |
_aBAJPAI (Naval). _992441 |
||
| 245 | _aBusiness research methods. | ||
| 260 |
_aNew Delhi _bPearson Education Pvt Ltd _c2011 |
||
| 300 |
_axxx,762 _bPB |
||
| 365 |
_b499 _cINR |
||
| 906 | _aBusiness ; methods. ; research | ||
| 942 |
_2ddc _cBK |
||
| 999 |
_c160982 _d160982 |
||